000 00787cam a2200205 a 4500
001 000001366
005 20210615115147.0
008 950331s1986 cr a b 000 0 spa
020 _a9977670161
040 _aDO-SdBNP
_bspa
_cBNPHU
082 _a361.6198
_bP592p
100 1 _aPichardo Muñiz, Arlette,
_d1957-
_94580
245 1 0 _aPlanificación y programación social :
_bbases para el diagnóstico y la formulación de programas y proyectos sociales /
_cArlette Pichardo Muñiz.
260 _aSan José, Costa Rica :
_bUniversidad de Costa Rica,
_c1986.
300 _a225 p. :
_bil. ;
_c21 cm.
500 _aReimpresión de la primera edición
590 _aInventariado, 2019/VM
650 4 _aPolítica social
_zAmérica Latina
_94581
650 4 _aPlanificación
_zAmérica Latina
_94582
999 _c1292
_d1292